Cải cách hành chính ở Bộ nông nghiệp và phát triển nông thôn /
Kaydedildi:
| Yazar: | |
|---|---|
| Materyal Türü: | Makale |
| Dil: | Vietnamese |
| Konular: | |
| Etiketler: |
Etiketle
Etiket eklenmemiş, İlk siz ekleyin!
|
| Thư viện lưu trữ: | Thư viện Trường Đại học Đà Lạt |
|---|
| LEADER | 00811nam a2200265 4500 | ||
|---|---|---|---|
| 001 | DLU090090818 | ||
| 005 | ##20090526 | ||
| 040 | # | # | |a DLU |b vie |
| 041 | # | # | |a vie |
| 044 | # | # | |a vn |
| 100 | # | # | |a Nguyễn Quang Hà. |
| 245 | # | # | |a Cải cách hành chính ở Bộ nông nghiệp và phát triển nông thôn / |c Nguyễn Quang Hà. |
| 653 | # | # | |a Bộ nông nghiệp và phát triển nông thôn |
| 653 | # | # | |a Cải cách hành chính |
| 653 | # | # | |a Kết quả |
| 773 | # | # | |t Quản lý nhà nước |g Số 2, 1997, tr. 22-25 |
| 920 | # | # | |a Phòng Tạp chí -- Trung tâm Thông tin - Thư viện Trường Đại học Đà Lạt |
| 994 | # | # | |a DLU |
| 900 | # | # | |a True |
| 911 | # | # | |a Nguyễn Thị Mai Anh |
| 925 | # | # | |a G |
| 926 | # | # | |a A |
| 927 | # | # | |a BB |
| 980 | # | # | |a Thư viện Trường Đại học Đà Lạt |